01342nam a22001697a 4500999001700000020001800017082001900035100001700054100001700071245006300088260004000151300001500191520068000206650009900886942001200985952017500997 c26634d26634 a9780081001424 a025.001bBAK-E aBaker, David aEvans, Wendy aEnd of Wisdom?b: The Future of Libraries in a Digital Age aCambridgebChandos Publishingc2016 axxxiv,204p aThe End of Wisdom? The Future of Libraries in a Digital Age assembles opinion pieces, forecasts, strategy options, and case studies from leading worldwide politicians, academics, educators, authors, publishers, captains of industry, senior public sector workers, library directors, IT gurus and other key players in the field of information provision who discuss their views on the hypothesis surrounding the "end of libraries" and the "death of books." The contributions – ranging in length from 500 to 2000 words are analyzed and summarized to create a rich picture of current trends and likely futures for libraries of all types, with digital options discussed in detail aLibrary SciencevInformation sciencevDigital mediavDigital communicationsvDigital libraries 2ddccBK 00104070aNASSDOCbNASSDOCd2021-03-01eOverseas Press India Private Limitedg4236.06i2021-02-22l0o025.001 BAK-Ep51339r2021-03-03 00:00:00v5802.82w2021-03-03yBK